Turismo. Asamblea Provincial (Record no. 147060)

MARC details
000 -LEADER
campo de control de longitud fija 00513nam a2200157 i 4500
001 - NÚMERO DE CONTROL
campo de control 147060
003 - IDENTIFICADOR DE NÚMERO DE CONTROL
campo de control ES-MaACL
005 - FECHA Y HORA DE LA ÚLTIMA TRANSACCIÓN
campo de control 20230906201803.0
007 - CAMPO FIJO DE DESCRIPCIÓN FÍSICA--INFORMACIÓN GENERAL
campo de control de longitud fija t|
008 - DATOS DE LONGITUD FIJA--INFORMACIÓN GENERAL
campo de control de longitud fija 070921s1964 sp ||||1| spa d
245 00 - MENCIÓN DEL TÍTULO
Título Turismo. Asamblea Provincial
Resto del título : inventario de recursos turísticos.
260 ## - PUBLICACIÓN, DISTRIBUCIÓN, ETC.
Lugar de publicación, distribución, etc. Cádiz :
Nombre del editor, distribuidor, etc. Excma. Diputación Pro. Patronato de Reativación Prov. (1),
Fecha de publicación, distribución, etc. 1964.
300 ## - DESCRIPCIÓN FÍSICA
Extensión 138 p., 2 gráf. pleg. ;
Dimensiones 30 cm.
500 ## - NOTA GENERAL
Nota general (1) Ejemplar a multicopista.
852 ## - LOCALIZACIÓN
Ubicación ES-MaACL
Número de control de estantería C-27517
Sublocalización o colección R.54728
Holdings
Estatus retirado Estado de pérdida Estado de daño No para préstamo Biblioteca de origen Biblioteca actual Ubicación en estantería Fecha de adquisición Fuente de adquisición Total de préstamos Signatura topográfica completa Código de barras Visto por última vez Precio de reemplazo Tipo de ítem Koha
        Biblioteca del Ateneo de Madrid Biblioteca del Ateneo de Madrid Depósito 2 17/01/2008     C-27517 1153473 23/02/2023 23/02/2023 Libro impreso